Á lódáil...

0+

Sonraí Bibleagrafaíochta
Príomhúdar: Tanenbaum A S
Formáid: Printed Book
Foilsithe: New Delhi Ess Ess Publication 1987
Eagrán:2
LEADER 00463nam a2200157 4500
020 |a 8170003733  |c Rs 500 
082 |a 021.2 KHA/LIB;1-2 
100 |a Tanenbaum A S 
245 |a 0+  |c Tanenbaum A S 
250 |a 2 
260 |a New Delhi  |b Ess Ess Publication  |c 1987 
500
700
942 |c BK 
999 |c 210497  |d 210497 
952 |0 0  |1 0  |4 0  |6 021_200000000000000_KHA_LIB12  |7 0  |9 223844  |a DLS  |b DLS  |d 2019-11-05  |g 0.00  |l 0  |o 021.2 KHA/LIB;1-2  |p DLS4585  |r 2019-11-05  |w 2019-11-05  |y BK